[Event "NOR-chT 0809"]
[Site "Norway"]
[Date "2008.11.07"]
[Round "4"]
[White "Aarland, Stein Arild"]
[Black "Thorstensen, Trond"]
[Result "0-1"]
[WhiteElo "2302"]
[BlackElo "2175"]
[PlyCount "138"]
[EventDate "2008.11.07"]
[EventType "team-tourn"]
[EventRounds "11"]
[EventCountry "NOR"]
[SourceTitle "EXT 2010"]
[Source "ChessBase"]
[SourceDate "2010.11.25"]
[SourceVersion "1"]
[SourceVersionDate "2010.11.25"]
[SourceQuality "1"]

1. d4 Nf6 2. c4 e6 3. Nc3 Bb4 4. e3 b6 5. Nge2 Bb7 6. a3 Be7 7. Ng3 d5 8. cxd5 Nxd5 9. e4 Nxc3 10. bxc3 0-0 11. Bd3 c5 12. Be3 cxd4 13. cxd4 Nc6 14. e5 f5 15. exf6 Bxf6 16. Be4 Qd7 17. 0-0 Rad8 18. Qh5 g6 19. Qg4 Bxd4 20. Rad1 e5 21. Qh4 Qf7 22. Bxc6 Bxc6 23. Bxd4 Qd5 24. f3 exd4 25. Ne4 Kg7 26. Rfe1 h6 27. Nc3 Qg5 28. Rxd4 Qxh4 29. Rxh4 Rf7 30. Rc4 Rd6 31. Rd1 Rxd1+ 32. Nxd1 Rf6 33. Kf2 Rd6 34. Ne3 Bb5 35. Rc7+ Rd7 36. Rc3 a6 37. Ng4 h5 38. Ne5 Rd2+ 39. Kg3 g5 40. h4 gxh4+ 41. Kxh4 Kf6 42. Re3 Rxg2 43. Nd3 Rd2 44. Ne1 Rh2+ 45. Kg3 Re2 46. Rxe2 Bxe2 47. Kf4 b5 48. Nc2 a5 49. Nd4 Bc4 50. Kg3 b4 51. axb4 axb4 52. Kh4 Bf7 53. f4 Kg6 54. Nc6 b3 55. Ne5+ Kf6 56. Nd3 Kf5 57. Kg3 Ke4 58. Nc5+ Kd4 59. Na4 Be8 60. Nb2 Kc3 61. Nd1+ Kd2 62. Nb2 Kc2 63. Nc4 b2 64. Nxb2 Kxb2 65. Kf3 Kc3 66. Ke4 Kd2 67. f5 Ke2 68. f6 Kf2 69. Kf4 Kg2 0-1

[Event "Gausdal Classics op"]
[Site "Gausdal"]
[Date "2007.04.24"]
[Round "7"]
[White "Aarland, Stein Arild"]
[Black "Stubberud, Ornulf A"]
[Result "1/2-1/2"]
[WhiteElo "2265"]
[BlackElo "2217"]
[PlyCount "89"]
[EventDate "2007.04.18"]
[EventType "swiss"]
[EventRounds "9"]
[EventCountry "NOR"]
[SourceTitle "CBM 117 Extra"]
[Source "ChessBase"]
[SourceDate "2007.05.09"]
[SourceVersion "1"]
[SourceVersionDate "2007.05.09"]
[SourceQuality "1"]

1. d4 Nf6 2. c4 g6 3. Nc3 Bg7 4. Nf3 0-0 5. Bf4 c5 6. e3 cxd4 7. exd4 d5 8. Be2 Nc6 9. 0-0 dxc4 10. d5 Na5 11. Ne5 a6 12. a4 Ne8 13. Nxc4 Nxc4 14. Bxc4 Nd6 15. Bd3 Qa5 16. Qd2 Bd7 17. Rfe1 Rfe8 18. Be5 Qb4 19. Bxg7 Kxg7 20. Re2 Rad8 21. Rae1 e6 22. dxe6 Bxe6 23. Qg5 f6 24. Qg3 Bf7 25. h4 Rxe2 26. Rxe2 Re8 27. h5 Rxe2 28. Nxe2 Nf5 29. Bxf5 Qe1+ 30. Kh2 Qxe2 31. hxg6 hxg6 32. Bc8 Qxb2 33. Qc7 Qxf2 34. a5 Qh4+ 35. Kg1 Qd4+ 36. Kh1 Qh4+ 37. Kg1 Qe1+ 38. Kh2 Qe5+ 39. Qxe5 fxe5 40. Bxb7 Bc4 41. Kg3 Kf6 42. Kf3 Ke6 43. g3 Bb5 44. Be4 g5 45. Bb7 1/2-1/2

[Event "Gausdal Classics op"]
[Site "Gausdal"]
[Date "2007.04.22"]
[Round "5"]
[White "Aarland, Stein Arild"]
[Black "Reinderman, Dimitri"]
[Result "0-1"]
[WhiteElo "2265"]
[BlackElo "2516"]
[PlyCount "66"]
[EventDate "2007.04.18"]
[EventType "swiss"]
[EventRounds "9"]
[EventCountry "NOR"]
[SourceTitle "CBM 117 Extra"]
[Source "ChessBase"]
[SourceDate "2007.05.09"]
[SourceVersion "1"]
[SourceVersionDate "2007.05.09"]
[SourceQuality "1"]

1. d4 Nf6 2. c4 g6 3. Nc3 Bg7 4. Nf3 0-0 5. Bf4 Nh5 6. Bg5 h6 7. Bh4 f5 8. e3 d6 9. Be2 g5 10. Nd2 Nf6 11. Bg3 Nc6 12. h4 f4 13. Bh2 fxe3 14. fxe3 gxh4 15. Bg1 h3 16. gxh3 e5 17. d5 Nxd5 18. h4 Nxc3 19. bxc3 e4 20. Nxe4 Qe7 21. Nd2 Bxc3 22. Rc1 Bg7 23. Bf2 Kh8 24. Nf3 Bg4 25. Ng5 Rxf2 26. Kxf2 Rf8+ 27. Kg2 Qxe3 28. Qe1 Qxe2+ 29. Qxe2 Bxe2 30. Rhe1 hxg5 31. Rxe2 gxh4 32. Kh3 Bf6 33. Kg4 Rg8+ 0-1

[Event "NOR-chT 0607"]
[Site "Oslo"]
[Date "2007.01.13"]
[Round "5"]
[White "Aarland, Stein Arild"]
[Black "Moen, Andreas"]
[Result "1-0"]
[WhiteElo "2272"]
[BlackElo "2299"]
[PlyCount "93"]
[EventDate "2006.11.10"]
[EventType "team"]
[EventRounds "9"]
[EventCountry "NOR"]
[SourceTitle "EXT 2008"]
[Source "ChessBase"]
[SourceDate "2007.11.25"]
[SourceVersion "1"]
[SourceVersionDate "2007.11.25"]
[SourceQuality "1"]

1. c4 Nf6 2. Nc3 e6 3. d4 Bb4 4. f3 d5 5. a3 Be7 6. e4 dxe4 7. fxe4 e5 8. d5 Bc5 9. Nf3 Ng4 10. Na4 Bf2+ 11. Ke2 Bd4 12. Nxd4 exd4 13. Qxd4 0-0 14. h3 Nc6 15. Qc3 Nf6 16. Bg5 Nxd5 17. exd5 Qxg5 18. dxc6 Qf4 19. Ke1 Re8+ 20. Be2 Re3 21. Qd2 Be6 22. Rf1 Qg3+ 23. Kd1 b5 24. Nc3 Bxc4 25. Bxc4 bxc4 26. Kc1 Rb8 27. Nd5 Rd3 28. Qf4 Qxf4+ 29. Nxf4 Re3 30. Rd1 g5 31. Nd5 Re2 32. Nc3 Rxg2 33. Rd2 Rxd2 34. Kxd2 Rxb2+ 35. Ke3 Kf8 36. Rg1 h6 37. Kd4 Ke7 38. Kc5 Rb3 39. Re1+ Kd8 40. Nd5 Rd3 41. Kxc4 Rd2 42. Re3 Rc2+ 43. Nc3 h5 44. Kd5 f5 45. Ke6 f4 46. Rd3+ Kc8 47. Ke7 1-0

[Event "NOR-chT 0607"]
[Site "Oslo"]
[Date "2006.11.12"]
[Round "3"]
[White "David, Edwin"]
[Black "Aarland, Stein Arild"]
[Result "0-1"]
[WhiteElo "2204"]
[BlackElo "2265"]
[PlyCount "90"]
[EventDate "2006.11.10"]
[EventType "team"]
[EventRounds "9"]
[EventCountry "NOR"]
[SourceTitle "CBM 115 Extra"]
[Source "ChessBase"]
[SourceDate "2007.01.10"]
[SourceVersion "1"]
[SourceVersionDate "2007.01.10"]
[SourceQuality "1"]

1. d4 d5 2. c4 e6 3. Nc3 Nf6 4. cxd5 exd5 5. Bg5 Be7 6. e3 0-0 7. Bd3 Nbd7 8. Qc2 Re8 9. Nge2 Nf8 10. h3 c6 11. 0-0-0 Ne4 12. Bxe7 Qxe7 13. Bxe4 dxe4 14. g4 b5 15. Ng3 Be6 16. Kb1 Bd5 17. Rc1 Rad8 18. Nxd5 cxd5 19. Qc6 Qd7 20. Qxd7 Rxd7 21. Rc5 a6 22. Rc6 Re6 23. Rc8 g6 24. Rhc1 Red6 25. Ne2 Kg7 26. Ra8 Ne6 27. Rcc8 Rd8 28. Rxd8 Nxd8 29. Nc1 Kf6 30. Nb3 Kg5 31. Nc5 Kh4 32. Nxa6 Kxh3 33. Nc7 Rd7 34. Ne8 Nb7 35. Nf6 Rd8 36. Ra7 Nd6 37. Rc7 Kg2 38. Nxd5 Kxf2 39. Rc3 h5 40. gxh5 gxh5 41. Rc2+ Kf3 42. Rh2 Nf5 43. Nc3 h4 44. Kc1 b4 45. Nd1 Kg3 0-1

[Event "NOR-chT 0607"]
[Site "Oslo"]
[Date "2006.11.11"]
[Round "2"]
[White "Aarland, Stein Arild"]
[Black "Lie, Espen"]
[Result "0-1"]
[WhiteElo "2265"]
[BlackElo "2353"]
[PlyCount "80"]
[EventDate "2006.11.10"]
[EventType "team"]
[EventRounds "9"]
[EventCountry "NOR"]
[SourceTitle "CBM 115 Extra"]
[Source "ChessBase"]
[SourceDate "2007.01.10"]
[SourceVersion "1"]
[SourceVersionDate "2007.01.10"]
[SourceQuality "1"]

1. c4 Nf6 2. Nc3 e6 3. e4 d5 4. e5 Ne4 5. Nf3 c5 6. Bd3 Nxc3 7. dxc3 Nc6 8. 0-0 Be7 9. Qc2 Qc7 10. Bf4 dxc4 11. Bxc4 Bd7 12. Rfe1 h6 13. Bg3 g5 14. Bd3 h5 15. h4 gxh4 16. Nxh4 0-0-0 17. Re4 Rdg8 18. Qe2 Rg4 19. Nf3 Rg7 20. Re1 Qd8 21. Qe3 h4 22. Bf4 Qg8 23. Bf1 Nb8 24. b4 Bc6 25. Nd2 Qh7 26. b5 Bd5 27. c4 Bxe4 28. Nxe4 Nd7 29. Qa3 Qf5 30. Bh2 Kb8 31. Re3 h3 32. Ng3 Qb1 33. Qd3 Qxd3 34. Rxd3 hxg2 35. Rxd7 gxf1Q+ 36. Kxf1 Bg5 37. Kg2 Rd8 38. Rxd8+ Bxd8 39. Kf3 Rh7 40. Kg2 Rh4 0-1

[Event "NOR-chT 0506"]
[Site "Norway"]
[Date "2005.11.05"]
[Round "1"]
[White "Aarland, Stein Arild"]
[Black "Solem, Trond"]
[Result "0-1"]
[WhiteElo "2278"]
[BlackElo "2132"]
[PlyCount "108"]
[EventDate "2005.11.01"]
[EventType "team"]
[EventRounds "2"]
[EventCountry "NOR"]
[SourceTitle "CBM 109 Extra"]
[Source "ChessBase"]
[SourceDate "2006.01.03"]
[SourceVersion "2"]
[SourceVersionDate "2006.01.03"]
[SourceQuality "1"]

1. c4 e6 2. d4 b6 3. Nc3 Bb7 4. Nf3 f5 5. g3 Nf6 6. Bg2 Bb4 7. 0-0 0-0 8. Qb3 a5 9. a3 Bxc3 10. Qxc3 a4 11. b4 axb3 12. Qxb3 Nc6 13. Bb2 Qe7 14. Qc2 Ne4 15. Nd2 Nxd2 16. Qxd2 Na5 17. Bxb7 Nxb7 18. Rac1 Nd6 19. c5 Ne4 20. Qf4 e5 21. dxe5 Nxc5 22. Rfd1 Ne6 23. Qd2 Rf7 24. f4 Ra4 25. e3 h6 26. Qd5 Kh7 27. Rc4 Ra5 28. Qd3 Nc5 29. Qc2 Qe6 30. a4 d5 31. Rcd4 c6 32. Rb4 Rb7 33. Bc3 Ra8 34. Rdb1 Nd7 35. R4b2 Rba7 36. g4 g6 37. a5 b5 38. gxf5 gxf5 39. Kf2 Nc5 40. Bb4 Ne4+ 41. Ke2 c5 42. Bxc5 Rc7 43. Rxb5 Qa6 44. Qd3 Qg6 45. Rb7 Rac8 46. Qc2 Rxb7 47. Rxb7+ Kh8 48. Qb2 Qg2+ 49. Ke1 Qg1+ 50. Ke2 Qf2+ 51. Kd3 Qf1+ 52. Kc2 Rxc5+ 53. Kb3 Qc4+ 54. Ka3 Rxa5# 0-1

[Event "Gausdal Byggern Masters"]
[Site "Gausdal"]
[Date "2005.10.08"]
[Round "8"]
[White "Urkedal, Frode Olav Olsen"]
[Black "Aarland, Stein Arild"]
[Result "0-1"]
[WhiteElo "2141"]
[BlackElo "2278"]
[PlyCount "96"]
[EventDate "2005.10.01"]
[EventType "swiss"]
[EventRounds "9"]
[EventCountry "NOR"]
[SourceTitle "CBM 108 Extra"]
[Source "ChessBase"]
[SourceDate "2005.11.04"]
[SourceVersion "1"]
[SourceVersionDate "2005.11.04"]
[SourceQuality "1"]

1. d4 e6 2. Nf3 f5 3. g3 Nf6 4. Bg2 d5 5. 0-0 Bd6 6. c4 c6 7. Bf4 Bxf4 8. gxf4 0-0 9. Nbd2 Nbd7 10. e3 Qe7 11. Ne5 Nxe5 12. fxe5 Ng4 13. h3 Nh6 14. Rc1 Bd7 15. cxd5 exd5 16. f4 Kh8 17. Rc2 Rg8 18. Qh5 Nf7 19. Nf3 g5 20. fxg5 Nxg5 21. Nxg5 Rxg5 22. Qf3 Rag8 23. Kh2 Qg7 24. Rff2 Be6 25. Qf4 Rg3 26. b4 Qg6 27. Qh4 Rxe3 28. Rce2 Qg3+ 29. Qxg3 Rgxg3 30. Rxe3 Rxe3 31. Rf3 Re2 32. a3 Rd2 33. Rf4 Rd3 34. a4 Rb3 35. b5 cxb5 36. axb5 Rxb5 37. h4 Kg7 38. Rf2 a5 39. Ra2 b6 40. Rc2 a4 41. Bf3 a3 42. Be2 Rb2 43. Rxb2 axb2 44. Bd3 f4 45. Kg2 Bf7 46. Bb1 Bg6 47. Ba2 Be4+ 48. Kf2 b5 0-1

[Event "Gausdal Byggern Masters"]
[Site "Gausdal"]
[Date "2005.10.05"]
[Round "5"]
[White "Kvisla, Johannes Luangtep"]
[Black "Aarland, Stein Arild"]
[Result "0-1"]
[WhiteElo "2023"]
[BlackElo "2278"]
[PlyCount "98"]
[EventDate "2005.10.01"]
[EventType "swiss"]
[EventRounds "9"]
[EventCountry "NOR"]
[SourceTitle "CBM 108 Extra"]
[Source "ChessBase"]
[SourceDate "2005.11.04"]
[SourceVersion "1"]
[SourceVersionDate "2005.11.04"]
[SourceQuality "1"]

1. d4 d5 2. c4 e6 3. Nf3 Nf6 4. Nc3 Bb4 5. Bd2 0-0 6. g3 dxc4 7. Bg2 Nc6 8. Qa4 Bd7 9. 0-0 a6 10. a3 b5 11. Qc2 Bd6 12. e4 e5 13. dxe5 Nxe5 14. Nxe5 Bxe5 15. Rad1 Qc8 16. Bg5 Bh3 17. f4 Bxc3 18. bxc3 Bxg2 19. Qxg2 Qe6 20. e5 Ng4 21. Qf3 f6 22. exf6 Nxf6 23. Rfe1 Qb6+ 24. Kg2 Rae8 25. Rxe8 Rxe8 26. Bxf6 Qxf6 27. Qd5+ Kf8 28. Qc5+ Kg8 29. Qd5+ Qe6 30. Qxe6+ Rxe6 31. Kf2 Kf7 32. Rd7+ Re7 33. Rd8 a5 34. Rd5 c6 35. Rc5 Rd7 36. a4 Rd2+ 37. Ke3 Rd3+ 38. Ke4 Rxc3 39. axb5 cxb5 40. Rxb5 a4 41. Ra5 Ra3 42. Rc5 c3 43. Rc4 Ke6 44. g4 Rb3 45. Rxa4 c2 46. Rc4 Rb4 47. Rxb4 c1Q 48. Rb6+ Kd7 49. Rb7+ Kd6 0-1

[Event "Gausdal Byggern Masters"]
[Site "Gausdal"]
[Date "2005.10.03"]
[Round "3"]
[White "Aarland, Stein Arild"]
[Black "Harstad, Christian"]
[Result "1-0"]
[WhiteElo "2278"]
[BlackElo "2078"]
[PlyCount "67"]
[EventDate "2005.10.01"]
[EventType "swiss"]
[EventRounds "9"]
[EventCountry "NOR"]
[SourceTitle "CBM 108 Extra"]
[Source "ChessBase"]
[SourceDate "2005.11.04"]
[SourceVersion "1"]
[SourceVersionDate "2005.11.04"]
[SourceQuality "1"]

1. e4 e5 2. Nf3 Nc6 3. Bc4 Nf6 4. d3 Be7 5. 0-0 0-0 6. c3 d6 7. Re1 Na5 8. Bb5 c6 9. Ba4 b5 10. Bc2 c5 11. Nbd2 Nc6 12. Nf1 Qc7 13. Bg5 Be6 14. Ne3 Ng4 15. Nd5 Bxd5 16. exd5 Nb8 17. a4 f6 18. Bd2 b4 19. h3 Nh6 20. Bxh6 gxh6 21. d4 Rf7 22. dxc5 Qxc5 23. cxb4 Qxb4 24. Bf5 Kh8 25. Qc2 Qb7 26. Bc8 Qb6 27. a5 Qb5 28. Be6 Rf8 29. Nh4 Na6 30. Nf5 Qe8 31. b4 Nxb4 32. Qc4 Rb8 33. Rab1 Qa4 34. Qg4 1-0

[Event "Gausdal Byggern Masters"]
[Site "Gausdal"]
[Date "2005.10.02"]
[Round "2"]
[White "Burmakin, Vladimir"]
[Black "Aarland, Stein Arild"]
[Result "1-0"]
[WhiteElo "2508"]
[BlackElo "2278"]
[PlyCount "83"]
[EventDate "2005.10.01"]
[EventType "swiss"]
[EventRounds "9"]
[EventCountry "NOR"]
[SourceTitle "CBM 108 Extra"]
[Source "ChessBase"]
[SourceDate "2005.11.04"]
[SourceVersion "1"]
[SourceVersionDate "2005.11.04"]
[SourceQuality "1"]

1. d4 e6 2. c4 f5 3. g3 Nf6 4. Bg2 d5 5. cxd5 exd5 6. Nh3 c6 7. 0-0 Bd6 8. Bf4 0-0 9. Nd2 Na6 10. Nf3 Nc7 11. Bxd6 Qxd6 12. Nf4 Ne6 13. Qc1 Bd7 14. Rb1 Rae8 15. Nxe6 Rxe6 16. Ne5 Ng4 17. f4 Rh6 18. h3 Nf6 19. Qe3 Ne4 20. g4 fxg4 21. hxg4 Qe7 22. Rf3 Rh4 23. f5 Be8 24. Rf4 Nd6 25. Qg3 Rh6 26. g5 Rh5 27. f6 Qe6 28. Rbf1 g6 29. Bf3 Ne4 30. Rxe4 dxe4 31. Bxh5 gxh5 32. e3 c5 33. dxc5 h4 34. Qf4 h3 35. b3 Qd5 36. g6 hxg6 37. Qh6 h2+ 38. Kh1 Rxf6 39. Rxf6 Qd1+ 40. Kxh2 Qe2+ 41. Kg1 Qe1+ 42. Kg2 1-0

[Event "Gausdal Byggern Masters"]
[Site "Gausdal"]
[Date "2005.10.01"]
[Round "1"]
[White "Aarland, Stein Arild"]
[Black "Astrup, Hakon"]
[Result "1-0"]
[WhiteElo "2278"]
[BlackElo "1943"]
[PlyCount "87"]
[EventDate "2005.10.01"]
[EventType "swiss"]
[EventRounds "9"]
[EventCountry "NOR"]
[SourceTitle "CBM 108 Extra"]
[Source "ChessBase"]
[SourceDate "2005.11.04"]
[SourceVersion "1"]
[SourceVersionDate "2005.11.04"]
[SourceQuality "1"]

1. e4 c6 2. d4 d5 3. exd5 cxd5 4. c4 Nf6 5. Nc3 e6 6. Nf3 Nc6 7. Bd3 dxc4 8. Bxc4 Bb4 9. 0-0 0-0 10. Bg5 h6 11. Be3 a6 12. Rc1 b5 13. Bd3 Bb7 14. Ne4 Rc8 15. Nc5 Bxc5 16. Rxc5 Nb4 17. Bb1 Nbd5 18. Rxc8 Qxc8 19. Ne5 Qc7 20. Qd2 Nxe3 21. fxe3 Be4 22. Rc1 Qb7 23. Bxe4 Qxe4 24. Qd3 Qb7 25. Qc2 Nd5 26. Kf2 Qe7 27. Nf3 Nb6 28. Qc5 Qa7 29. Ne5 Qb7 30. Qc6 Rb8 31. Qxb7 Rxb7 32. Rc6 Nc4 33. Nd3 Rb6 34. Rc8+ Kh7 35. b3 Nd6 36. Rc7 Kg6 37. Ne5+ Kf5 38. Kf3 f6 39. g4+ Kg5 40. Rxg7+ Kh4 41. Ng6+ Kh3 42. Rh7 Kxh2 43. Rxh6+ Kg1 44. Nf4 1-0

[Event "NOR-chT fin"]
[Site "Oslo"]
[Date "2002.05.11"]
[Round "4"]
[White "Aarland, Stein Arild"]
[Black "Hole, Oystein"]
[Result "1/2-1/2"]
[WhiteElo "2259"]
[BlackElo "2237"]
[PlyCount "122"]
[EventDate "2002.05.08"]
[EventType "team"]
[EventRounds "5"]
[EventCountry "NOR"]
[SourceTitle "CBM 088 Extra"]
[Source "ChessBase"]
[SourceDate "2002.07.01"]
[SourceVersion "2"]
[SourceVersionDate "2002.07.01"]
[SourceQuality "1"]

1. e4 c6 2. Nc3 d5 3. Qf3 dxe4 4. Nxe4 Nd7 5. d4 Ndf6 6. c3 Nxe4 7. Qxe4 Nf6 8. Qh4 Bf5 9. Bc4 e6 10. Nf3 Be7 11. Bg5 h6 12. 0-0 0-0 13. Bxf6 Bxf6 14. Qf4 Qb6 15. b4 a5 16. a3 Ra7 17. g4 Bh7 18. h4 Qd8 19. g5 hxg5 20. hxg5 Be7 21. Rae1 b5 22. Bb3 Bd3 23. Kg2 Bxf1+ 24. Rxf1 Bd6 25. Qh4 Re8 26. Rh1 Kf8 27. Qh8+ Ke7 28. Qxg7 Rg8 29. Qh7 Qf8 30. Qe4 Kd7 31. Qe3 Ra8 32. Ne5+ Bxe5 33. dxe5 Kc7 34. f4 axb4 35. axb4 Rh8 36. Rd1 Qe7 37. Kg3 Ra3 38. Kg4 Rha8 39. Bc2 Rd8 40. Rxd8 Qxd8 41. Be4 Qe7 42. Qd4 Ra4 43. Bf3 Ra3 44. Kg3 Ra6 45. Bh5 c5 46. bxc5 Rc6 47. Bf3 Rxc5 48. Qb4 Kb6 49. c4 Qd7 50. cxb5 Qd3 51. Qa4 Rxb5 52. Qa8 Rb3 53. Kg4 Qf5+ 54. Kg3 Qd3 55. Kg4 Kc5 56. Qc6+ Kb4 57. Qb6+ Ka3 58. Qa7+ Kb2 59. Qf2+ Ka1 60. Qe1+ Ka2 61. Qf2+ Ka3 1/2-1/2

[Event "NOR-chT"]
[Site "Oslo"]
[Date "2000.06.02"]
[Round "3"]
[White "Aarland, Stein Arild"]
[Black "Trygstad, Kristian J"]
[Result "1-0"]
[WhiteElo "2259"]
[BlackElo "2227"]
[PlyCount "93"]
[EventDate "2000.05.31"]
[EventType "team"]
[EventRounds "5"]
[EventCountry "NOR"]
[SourceTitle "CBM 076 Extra"]
[Source "ChessBase"]
[SourceDate "2000.07.11"]
[SourceVersion "1"]
[SourceVersionDate "2000.07.11"]
[SourceQuality "1"]

1. c4 Nf6 2. Nc3 g6 3. g3 d5 4. Bg2 dxc4 5. Qa4+ Nfd7 6. Nf3 Bg7 7. 0-0 0-0 8. Qxc4 Nb6 9. Qh4 e5 10. Qxd8 Rxd8 11. d3 c6 12. Be3 Na6 13. Rfc1 Be6 14. Ng5 Bf5 15. Rab1 Nb4 16. Nge4 N6d5 17. Bd2 Bxe4 18. Bxe4 f5 19. Bg2 Rd7 20. a3 Nxc3 21. bxc3 Nd5 22. c4 Nf6 23. Rb3 e4 24. Be3 b6 25. a4 Rad8 26. c5 bxc5 27. Bxc5 exd3 28. exd3 Rxd3 29. Rxd3 Rxd3 30. Bxa7 Nd5 31. Rxc6 Rd1+ 32. Bf1 Ra1 33. Ra6 Nb4 34. Rb6 Nc2 35. Rb8+ Kf7 36. Rb7+ Kg8 37. Rc7 Rxa4 38. Bc4+ Kh8 39. Rc8+ Bf8 40. Rxf8+ Kg7 41. Rg8+ Kh6 42. Bb3 Ra1+ 43. Kg2 Ne1+ 44. Kf1 Nd3+ 45. Kg2 Ne1+ 46. Kh3 g5 47. Be3 1-0

[Event "NOR-chT"]
[Site "Langesund"]
[Date "1999.05.15"]
[Round "6"]
[White "Paulsen, Jack Eigil"]
[Black "Aarland, Stein Arild"]
[Result "0-1"]
[WhiteElo "2231"]
[BlackElo "2250"]
[PlyCount "68"]
[EventDate "1999.05.??"]
[EventType "team-swiss"]
[EventRounds "7"]
[EventCountry "NOR"]
[SourceTitle "EXT 2000"]
[Source "ChessBase"]
[SourceDate "1999.11.16"]
[SourceVersion "1"]
[SourceVersionDate "1999.11.16"]
[SourceQuality "1"]

1. d4 Nf6 2. c4 g6 3. Nc3 Bg7 4. Nf3 0-0 5. g3 d6 6. Bg2 Nbd7 7. 0-0 e5 8. d5 a5 9. e4 Nc5 10. Ne1 Nh5 11. Be3 Bd7 12. Nd3 Nxd3 13. Qxd3 f5 14. f3 f4 15. Bf2 fxg3 16. hxg3 b6 17. Ne2 g5 18. Be3 g4 19. Bd2 gxf3 20. Bxf3 Qe8 21. Rf2 Qg6 22. Rh2 Bg4 23. Bxg4 Qxg4 24. Rh4 Qg6 25. Rf1 Rxf1+ 26. Kxf1 Rf8+ 27. Ke1 Qf7 28. Kd1 Qf1+ 29. Kc2 Rf3 30. Be3 Nf6 31. Qd2 h5 32. Bg5 Rf2 33. Kd3 Ng4 34. Rxh5 Qb1+ 0-1

[Event "DEN-ch U18 op"]
[Site "Aarhus"]
[Date "1993.??.??"]
[Round "5"]
[White "Aagaard, Jacob"]
[Black "Aarland, Stein Arild"]
[Result "1-0"]
[WhiteElo "2205"]
[BlackElo "2225"]
[PlyCount "79"]
[EventDate "1993.??.??"]
[EventType "swiss"]
[EventRounds "9"]
[EventCountry "DEN"]
[SourceTitle "EXT 1999"]
[Source "ChessBase"]
[SourceDate "1998.11.16"]
[SourceVersion "1"]
[SourceVersionDate "1998.11.16"]
[SourceQuality "1"]

1. d4 d5 2. c4 e6 3. Nc3 Nf6 4. Bg5 Be7 5. Nf3 0-0 6. Rc1 Nbd7 7. e3 c6 8. Qc2 Re8 9. a3 h6 10. Bh4 a6 11. Bd3 dxc4 12. Bxc4 c5 13. 0-0 b5 14. Ba2 Bb7 15. Rfd1 b4 16. axb4 cxb4 17. Na4 Qa5 18. Nd2 Rac8 19. Nc4 Qh5 20. Bg3 Ne4 21. Bb1 Ndf6 22. Be5 Ng4 23. Nab6 Bh4 24. Rf1 Bxf2+ 25. Rxf2 Ngxf2 26. Nxc8 Rxc8 27. Rf1 Ng4 28. Qe2 Rxc4 29. Qxc4 Nxe3 30. Qc7 Nxf1 31. Qb8+ Kh7 32. Qxb7 Nfg3 33. Bxe4+ Nf5 34. Qxa6 f6 35. h3 fxe5 36. Qxe6 g6 37. Qf7+ Ng7 38. Bd5 Qd1+ 39. Kh2 g5 40. Be4+ 1-0

[Event "DEN-ch U18 op"]
[Site "Aarhus"]
[Date "1993.??.??"]
[Round "7"]
[White "Hetey, Laszlo"]
[Black "Aarland, Stein Arild"]
[Result "1-0"]
[WhiteElo "2255"]
[BlackElo "2225"]
[PlyCount "63"]
[EventDate "1993.??.??"]
[EventType "swiss"]
[EventRounds "9"]
[EventCountry "DEN"]
[SourceTitle "EXT 1999"]
[Source "ChessBase"]
[SourceDate "1998.11.16"]
[SourceVersion "1"]
[SourceVersionDate "1998.11.16"]
[SourceQuality "1"]

1. e4 c6 2. d4 d5 3. e5 Bf5 4. Nc3 e6 5. g4 Bg6 6. Nge2 c5 7. Be3 cxd4 8. Nxd4 h5 9. f4 hxg4 10. f5 exf5 11. Bb5+ Nd7 12. e6 fxe6 13. Nxe6 Qh4+ 14. Bf2 Qe7 15. 0-0 Ngf6 16. Nxd5 Nxd5 17. Qxd5 Qd6 18. Qg2 a6 19. Rad1 axb5 20. Rxd6 Bxd6 21. Bg3 Bxg3 22. hxg3 Ke7 23. Re1 Kf6 24. Qxb7 Rh3 25. Qxa8 Rxg3+ 26. Kf2 Rf3+ 27. Kg2 Ne5 28. Nd4 Rh3 29. Qd8+ Kf7 30. Rxe5 f4 31. Qe8+ Kf6 32. Qe7# 1-0